[Event "1/64 Finale"]
[Site "www.chess-mail.com"]
[Date "2018.02.16"]
[Round "1"]
[White "Mitja"]
[Black "Hennie4820"]
[WhiteElo "2020"]
[BlackElo "2040"]
[Result "0-1"]
[Round "1"]
1.d4 Ng8f6
2.e3 g6
3.c3 Bf8g7
4.Ng1f3 O-O
5.Bf1d3 d6
6.O-O Nb8d7
7.Bd3c2 e5
8.dxe5 dxe5
9.b3 Rf8e8
10.Bc1b2 c6
11.Nb1a3 Qd8c7
12.h3 Nd7b6
13.Qd1e2 Bc8e6
14.Rf1d1 Ra8d8
15.Rd1xd8 Re8xd8
16.Ra1d1 Nf6d5
17.c4 Nd5e7
18.Rd1xd8 Qc7xd8
19.Nf3g5 Be6c8
20.Ng5e4 f5
21.Ne4g3 Nb6d7
22.Na3b1 Nd7f8
23.a4 Nf8e6
24.Bb2a3 c5
25.Nb1c3 a6
26.Ba3b2 b6
27.Ng3f1 Ne7c6
28.Bc2b1 Nc6b4
29.Nc3a2 a5
30.Na2xb4 axb4
31.f3 Bc8b7
32.Kf2 Qd8h4
33.Kg1 Ne6g5
34.Qe2d1 Bb7xf3
35.Qd1d8 Bg7f8
36.Bb2xe5 Ng5xh3
{ resign }
0-1

[Event "1/128 Finale"]
[Site "www.chess-mail.com"]
[Date "2018.02.16"]
[Round "1"]
[White "Matalcg"]
[Black "Pellix84"]
[WhiteElo "1709"]
[BlackElo "2060"]
[Result "0-1"]
[Round "1"]
1.d4 Ng8f6
2.c4 e6
3.Nb1c3 Bf8b4
4.Ng1f3 d5
5.e3 O-O
6.Bf1d3 c6
7.O-O Nb8d7
 { time }
0-1

[Event "Tourn. n9653"]
[Site "www.chess-mail.com"]
[Date "2018.02.17"]
[Round "1"]
[White "Sahlapalat"]
[Black "Dussek"]
[WhiteElo "2000"]
[BlackElo "1850"]
[Result "1-0"]
[Round "1"]
1.d4 d5
2.c4 Nb8c6
3.cxd5 Qd8xd5
4.e3 e6
5.Nb1c3 Bf8b4
6.Bc1d2 Bb4xc3
7.bxc3 Ng8f6
8.f3 O-O
9.Bf1d3 b6
10.Ng1e2 Bc8b7
11.O-O e5
12.e4 Qd5d6
13.d5 Nc6e7
14.c4 Ne7g6
15.Ra1c1 Qd6a3
16.Qd1b3 Qa3c5
17.Kh1 Nf6h5
18.Bd2b4 Qc5e3
19.Bb4e1 Qe3g5
20.c5 Nh5f4
21.g3 Nf4xe2
22.Bd3xe2 Qg5xc1
23.c6 Bb7c8
24.Be1b4 Qc1xf1
25.Be2xf1 Rf8e8
26.h4 a5
27.Bb4a3 { resign }
1-0

[Event "Tourn. n9685"]
[Site "www.chess-mail.com"]
[Date "2018.02.17"]
[Round "1"]
[White "Cal"]
[Black "Pachi"]
[WhiteElo "1580"]
[BlackElo "1640"]
[Result "0-1"]
[Round "1"]
1.d4 Ng8f6
2.Nb1c3 e6
3.e4 d5
4.e5 Nf6d7
5.Ng1f3 Bf8b4
6.Bc1d2 Bb4xc3
7.Bd2xc3 c5
8.Bf1b5 O-O
9.h3 cxd4
10.Bc3xd4 f6
11.O-O fxe5
12.Bd4xe5 Nb8a6
13.Bb5xa6 bxa6
14.Nf3d4 Nd7xe5
15.f4 Ne5g6
16.a3 Ng6xf4
17.Qd1d2 Qd8b6
18.Rf1xf4 e5
19.Rf4xf8 Kxf8
20.Qd2f2 Ke7
21.Nd4f3 Qb6xb2
22.Ra1d1 Bc8b7
23.Qf2c5 Ke6
24.Nf3g5 Kf5
25.Ng5xh7 Ra8c8
26.Qc5f2 Ke6
27.Nh7g5 Kd6
28.Ng5f7 Kc7
29.Qf2c5 Kb8
30.Qc5d6 Ka8
31.Nf7xe5 Qb2xc2
32.Rd1f1 d4
33.Qd6xd4 Qc2xg2
{ resign }
0-1

[Event "Tourn. n9699"]
[Site "www.chess-mail.com"]
[Date "2018.02.17"]
[Round "1"]
[White "Iko"]
[Black "Azulmarino"]
[WhiteElo "1640"]
[BlackElo "1530"]
[Result "0-1"]
[Round "1"]
1.e4 e5
2.Ng1f3 Nb8c6
3.Bf1b5 a6
4.Bb5xc6 bxc6
5.Nf3xe5 Ng8f6
6.Qd1f3 g6
7.Qf3b3 Qd8e7
8.Qb3c3 Nf6xe4
9.Ne5xc6 Ne4xc3
10.Nc6xe7 Bf8xe7
11.Nb1xc3 Bc8b7
12.O-O O-O-O
13.Rf1e1 Rd8e8
14.d4 Be7b4
15.Re1e3 Re8e7
16.Bc1d2 h5
17.Re3xe7 Bb4xe7
18.Ra1e1 Be7d6
19.Bd2g5 Bd6b4
20.Re1e7 Bb4xe7
21.Bg5xe7 Rh8e8
22.Be7f6 Re8e1

0-1

[Event "Tourn. n9703"]
[Site "www.chess-mail.com"]
[Date "2018.02.17"]
[Round "1"]
[White "Luban"]
[Black "Hundegana"]
[WhiteElo "2130"]
[BlackElo "2020"]
[Result "1-0"]
[Round "1"]
1.d4 g6
2.c4 Bf8g7
3.Ng1f3 Ng8f6
4.e3 Nf6e4
5.Bc1d2 c5
6.Nb1c3 Ne4xd2
7.Qd1xd2 cxd4
8.exd4 O-O
9.Bf1e2 b6
10.O-O Bc8b7
11.Ra1d1 Nb8c6
12.Rf1e1 e6
13.d5 Nc6e5
14.Nf3xe5 Bg7xe5
15.Be2f3 Be5g7
16.dxe6 Bb7xf3
17.e7 Qd8c8
18.exf8Q Bg7xf8
19.gxf3 Qc8xc4
20.Qd2xd7 Qc4f4
21.Qd7g4 Qf4h6
22.Rd1d7 a5
23.Nc3d5 Bf8g7
24.Re1e7 Ra8f8
25.b3 Qh6c1
26.Kg2 h5
27.Qg4g3 Qc1c6
28.Rd7d6 Qc6c2
29.Rd6xb6 Qc2xa2
30.Rb6b8 a4
31.Re7e8 axb3
32.Re8xf8 Bg7xf8
33.Qg3d6 Kh7
34.Qd6xf8 g5
35.Qf8xf7 Kh6
36.Rb8h8 
1-0

[Event "Tourn. n9696"]
[Site "www.chess-mail.com"]
[Date "2018.02.17"]
[Round "1"]
[White "Dussek"]
[Black "Falcoale"]
[WhiteElo "1800"]
[BlackElo "1900"]
[Result "1-0"]
[Round "1"]
1.e4 c5
2.Ng1f3 Nb8c6
3.d4 cxd4
4.Nf3xd4 e6
5.Nb1c3 a6
6.Bc1e3 Nc6xd4
7.Qd1xd4 Ng8f6
8.f3 d6
9.O-O-O Bf8e7
10.e5 Nf6d7
11.exd6 Be7f6
12.Qd4d2 O-O
13.Bf1d3 b5
14.Bd3e4 Ra8b8
15.Be3a7 Bc8b7
16.Ba7xb8 Qd8xb8
17.Be4xb7 Qb8xb7
18.Nc3e4 Bf6d8
19.Rh1e1 Bd8b6
20.Qd2g5 Bb6d8
21.Qg5g3 h6
22.Qg3f2 Bd8b6
23.Qf2g3 Qb7a7
24.Kb1 Rf8c8
25.c3 f5
26.Qg3g6 fxe4
27.Qg6xe6 Kh8
28.fxe4 Rc8d8
29.Re1f1 Bb6c5
30.Rf1f7 Qa7b7
31.Qe6e7 Rd8g8
32.Qe7xd7 Qb7xe4
33.Ka1 Qe4xg2
34.h3 Qg2c2
35.Rd1b1 Qc2d3
36.Rb1f1 a5
37.Rf7f8 Rg8xf8
38.Rf1xf8 Kh7
39.Qd7f5 Qd3xf5
40.Rf8xf5 Bc5xd6
41.Rf5xb5 a4
42.c4 a3
43.b3 g5
44.Kb1 Bd6f4
45.Rb5d5 Kg6
46.c5 Kh5
47.c6 Bf4c7
48.Rd5d7 Bc7e5
49.c7 { resign }
1-0

[Event "Tourn. n9682"]
[Site "www.chess-mail.com"]
[Date "2018.02.17"]
[Round "1"]
[White "Szustan"]
[Black "Danquigley"]
[WhiteElo "2560"]
[BlackElo "2560"]
[Result "1/2-1/2"]
[Round "1"]
1.e4 d6
2.d4 Ng8f6
3.Nb1c3 g6
4.f4 Bf8g7
5.Ng1f3 O-O
6.Bf1d3 Nb8a6
7.O-O c5
8.d5 Bc8g4
9.Bd3c4 Na6c7
10.h3 Bg4xf3
11.Qd1xf3 e6
12.dxe6 fxe6
13.Bc1e3 Nf6d7
14.Qf3g3 d5
15.exd5 Nd7b6
16.Bc4e2 Nb6xd5
17.Be3xc5 Nd5xc3
18.bxc3 Rf8f7
19.Ra1d1 Nc7d5
20.c4 Qd8a5
21.cxd5 Qa5xc5
22.Kh1 exd5
23.Qg3b3 Ra8d8
24.Be2f3 Rf7d7
25.Rd1xd5 Rd7xd5
26.Bf3xd5 Rd8xd5
27.Rf1d1 Bg7d4
28.c3 Qc5b5
29.Qb3xb5 Rd5xb5
30.Rd1xd4 a5
{ draw }
1/2-1/2

[Event "Tourn. n9662"]
[Site "www.chess-mail.com"]
[Date "2018.02.17"]
[Round "1"]
[White "Sahlapalat"]
[Black "Orhany24"]
[WhiteElo "2030"]
[BlackElo "2100"]
[Result "1-0"]
[Round "1"]
1.d4 d5
2.c4 dxc4
3.Ng1f3 c5
4.d5 e6
5.e4 exd5
6.exd5 Bf8d6
7.Bf1xc4 Bc8g4
8.O-O Ng8e7
9.Nb1c3 a6
10.Rf1e1 O-O
11.a4 Nb8d7
12.Nc3e4 Nd7e5
13.Bc4e2 Ne7f5
14.Ne4xd6 Qd8xd6
15.Nf3xe5 Bg4xe2
16.Qd1xe2 Qd6xd5
17.Ne5f3 h6
18.Re1d1 Qd5c6
19.Bc1f4 Rf8e8
20.Qe2c2 { resign }
1-0

[Event "Tourn. n9717"]
[Site "www.chess-mail.com"]
[Date "2018.02.17"]
[Round "1"]
[White "Fantomas"]
[Black "Coolant"]
[WhiteElo "2270"]
[BlackElo "2270"]
[Result "0-1"]
[Round "1"]
1.e4 e5
2.Ng1f3 Nb8c6
3.Bf1b5 f5
4.Qd1e2 fxe4
5.Qe2xe4 Ng8f6
6.Qe4e2 Bf8d6
7.Nb1c3 O-O
8.Nf3g5 Nc6d4
9.Qe2c4 Kh8
10.Qc4d3 h6
11.h4 Nd4xb5
12.Nc3xb5 e4
13.Qd3b3 Qd8e7
14.Nb5xd6 cxd6
15.Qb3g3 d5
16.Ng5h3 d6
17.Nh3f4 Bc8f5
18.Nf4g6 Bf5xg6
19.Qg3xg6 Ra8c8
20.c3 Nf6d7
21.Qg6g3 Nd7e5
22.O-O Ne5d3
23.b4 Rf8f4
24.Bc1a3 b5
25.f3 Rf4xh4
26.fxe4 dxe4
27.Rf1f5 Nd3e5
28.Ra1f1 g6
29.Rf5f6 Rh4g4
30.Qg3f2 Ne5f3
31.Kh1 Qe7xf6
{ resign }
0-1

[Event "Tourn. n9670"]
[Site "www.chess-mail.com"]
[Date "2018.02.17"]
[Round "1"]
[White "Apdash"]
[Black "Numanoid"]
[WhiteElo "2290"]
[BlackElo "2400"]
[Result "0-1"]
[Round "1"]
1.e4 Nb8c6
2.d4 d5
3.exd5 Qd8xd5
4.Bc1e3 e5
5.c4 Bf8b4
6.Nb1c3 Qd5a5
7.d5 Nc6e7
8.Be3d2 Ng8f6
9.a3 Bb4xc3
10.Bd2xc3 Qa5b6
11.Bc3xe5 Ne7g6
12.Be5d4 c5
13.dxc6 Qb6xc6
14.Bd4xf6 Qc6xf6
15.c5 O-O
16.Qd1c2 Rf8e8
17.Bf1e2 Bc8f5
18.Qc2b3 Ng6f4
19.Kf1 Nf4xe2
20.Ng1xe2 Qf6a6
21.Ra1e1 Bf5d3
22.f3 Re8xe2
23.Re1xe2 Bd3xe2
24.Kf2 Be2c4
25.Qb3e3 Qa6e6
26.Qe3d2 Ra8e8
27.Rh1d1 Qe6e2
28.Qd2xe2 Re8xe2
29.Kg3 Kf8
30.Rd1d4 Bc4e6
31.Rd4b4 Be6d5
32.Rb4d4 Bd5c6
33.b4 Re2a2
34.h4 Ra2xa3
35.Kf4 Ke7
36.h5 h6
37.Ke5 Ra3a4
38.Kf4 a5
39.g4 Ra4xb4
40.Rd4xb4 axb4
41.Ke3 b3
42.Kd2 Bc6xf3
43.Kc3 Bf3xg4
44.Kxb3 f5
45.Kc3 f4
46.Kd4 f3
47.Ke3 Bg4xh5
48.Kf2 Ke6
{ resign }
0-1

[Event "Tourn. n9698"]
[Site "www.chess-mail.com"]
[Date "2018.02.17"]
[Round "1"]
[White "Szustan"]
[Black "Aniruddhadg"]
[WhiteElo "2600"]
[BlackElo "2420"]
[Result "1/2-1/2"]
[Round "1"]
1.e4 c5
2.c3 Ng8f6
3.e5 Nf6d5
4.d4 cxd4
5.Ng1f3 e6
6.cxd4 d6
7.Bf1c4 Nb8c6
8.O-O Bf8e7
9.Qd1e2 O-O
10.Nb1c3 Nd5xc3
11.bxc3 dxe5
12.dxe5 Qd8a5
13.Bc1d2 Rf8d8
14.Rf1e1 Bc8d7
15.Bc4b3 Bd7e8
16.Qe2e4 Qa5c5
17.Bb3c2 g6
18.Ra1c1 Nc6a5
19.Qe4g4 Ra8c8
20.Qg4h3 Qc5a3
21.Qh3h6 Rd8d7
22.Nf3g5 Be7xg5
23.Qh6xg5 Qa3e7
24.Qg5h6 Qe7f8
25.Qh6g5 Qf8e7
{ draw }
1/2-1/2

[Event "Tourn. n9663"]
[Site "www.chess-mail.com"]
[Date "2018.02.17"]
[Round "1"]
[White "Fabos12"]
[Black "Falcoale"]
[WhiteElo "2010"]
[BlackElo "1860"]
[Result "1-0"]
[Round "1"]
1.d4 Ng8f6
2.c4 b6
3.Ng1f3 Bc8b7
4.Nb1c3 e6
5.Bc1f4 d6
6.h3 Nf6e4
7.Nc3xe4 Bb7xe4
8.e3 Bf8e7
9.Bf1d3 Be4b7
10.Ra1c1 Nb8d7
11.b3 O-O
12.e4 c5
13.d5 exd5
14.exd5 Rf8e8
15.O-O Nd7f8
16.Qd1c2 Nf8g6
17.Bf4h2 Be7f6
18.Rc1e1 Qd8d7
19.Re1e2 h6
20.Rf1e1 Re8e7
21.Bd3xg6 fxg6
22.Qc2xg6 Qd7e8
23.Qg6xe8 Ra8xe8
24.Re2xe7 Re8xe7
25.Bh2xd6 Re7xe1
26.Nf3xe1 a6
27.Bd6c7 b5
28.d6 Bb7c6
29.Ne1d3 Bf6d4
30.Kh2 b4
31.f4 Kf8
32.Nd3e5 Bd4xe5
33.fxe5 Kf7
34.g4 Ke6
35.Kg3 g5
36.h4 Bc6d7
37.Bc7b6 Kxe5
38.Bb6xc5 a5
39.hxg5 hxg5
40.Bc5b6 Kxd6
41.Bb6xa5 Kc5
42.Ba5d8 Kd4
43.Bd8xg5 Kd3
44.Bg5f6 Kc2
45.g5 Kb1
46.g6 Kxa2
47.g7 Bd7e6
48.Bf6e7 Kxb3
49.c5 Kc4
50.c6 b3
51.Be7f6 Kc5
52.c7 { resign }
1-0

[Event "Tourn. n9714"]
[Site "www.chess-mail.com"]
[Date "2018.02.17"]
[Round "1"]
[White "Coolant"]
[Black "Hundegana"]
[WhiteElo "2280"]
[BlackElo "2010"]
[Result "1-0"]
[Round "1"]
1.b4 e5
2.Bc1b2 f6
3.a3 d5
4.e3 a6
5.c4 dxc4
6.Bf1xc4 Ng8e7
7.Qd1b3 Qd8d6
8.Nb1c3 f5
9.O-O-O b5
10.Bc4f7 Kd8
11.d4 Bc8d7
12.dxe5 Qd6xe5
13.Ng1f3 Qe5f6
14.Nc3xb5 Qf6c6
15.Nb5c3 h6
16.Nf3e5 Qc6xg2
17.Ne5xd7 Nb8xd7
18.Bf7e6 Qg2xf2
19.Rd1xd7 Ke8
20.Nc3a4 c6
21.Rh1d1 Ne7d5
22.Na4b6 Ra8d8
23.Be6f7 { resign }
1-0

[Event "Match"]
[Site "www.echecsemail.com"]
[Date "2018.02.17"]
[Round "1"]
[White "Caspito"]
[Black "Darknight"]
[WhiteElo "1960"]
[BlackElo "1720"]
[Result "1-0"]
[Round "1"]
1.e4 e5
2.Ng1f3 d6
3.d4 exd4
4.Nf3xd4 a6
5.Nb1c3 c6
6.Bf1d3 h6
7.O-O g6
8.Qd1f3 Ng8f6
9.Nc3e2 Bc8g4
10.Qf3e3 Nb8d7
11.b4 Nd7e5
12.Bc1b2 h5
13.Qe3f4 Qd8e7
14.Bb2c3 O-O-O
15.a4 c5
16.bxc5 dxc5
17.Nd4b3 Bg4xe2
18.Bd3xe2 Bf8h6
19.Qf4xe5 Qe7xe5
20.Bc3xe5 Bh6g7
21.Nb3xc5 Rh8e8
22.Be5xf6 Bg7xf6
23.Ra1b1 Kb8
24.Rb1xb7 Ka8
25.Be2xa6 Rd8d6
26.Rb7xf7 Re8d8
27.Nc5b7 Rd6d7
28.Rf7xf6 Rd8b8
29.Nb7c5 Rd7c7
30.Ba6b7 Rb8xb7
31.Nc5xb7 Kxb7
32.Rf1b1 Kc8
33.f4 Rc7xc2
34.e5 Rc2c4
35.a5 Rc4a4
36.a6 h4
37.Rb1b7 Ra4xa6
38.Rf6xa6 Kxb7
39.Ra6xg6 Kc7
40.f5 Kd7
41.Rg6g7 Ke8
42.e6 h3
43.f6 Kf8
44.e7 Ke8
45.Rg7g8 Kf7
46.e8Q Kxf6
47.Qe8g6 Ke5
48.Rg8e8 Kf4
49.Qg6f6 Kg4
50.Re8g8 { resign }
1-0

[Event "Match"]
[Site "www.echecsemail.com"]
[Date "2018.02.17"]
[Round "1"]
[White "Begory"]
[Black "Muderfuger"]
[WhiteElo "1550"]
[BlackElo "1640"]
[Result "0-1"]
[Round "1"]
1.d4 Nb8a6
2.c4 d5
3.c5 e5
4.e3 exd4
5.Bf1xa6 bxa6
6.Qd1xd4 c6
7.Ng1f3 a5
8.O-O Ng8f6
9.Nb1c3 Nf6d7
10.e4 dxe4
11.Qd4xe4 Bf8e7
12.Qe4xc6 Ra8b8
13.Rf1e1 Bc8b7
14.Qc6e4 Bb7xe4
15.Nc3xe4 O-O
16.Re1d1 f5
17.c6 fxe4
18.Rd1xd7 Qd8e8
19.Nf3d4 Be7c5
20.Nd4b3 Bc5xf2
21.Kh1 e3
22.Nb3d4 Bf2h4
23.g3 e2
{ resign }
0-1

[Event "Match"]
[Site "www.echecsemail.com"]
[Date "2018.02.17"]
[Round "1"]
[White "Muderfuger"]
[Black "Cal"]
[WhiteElo "1499"]
[BlackElo "1610"]
[Result "0-1"]
[Round "1"]
1.e4 e5
2.Ng1f3 d6
3.Bf1b5 c6
4.Bb5a4 b5
5.Ba4b3 h6
6.h4 Ng8f6
7.O-O Bf8e7
8.d4 Bc8e6
9.dxe5 Nf6xe4
10.Nb1c3 O-O
11.Nc3xe4 d5
12.Ne4c3 a5
13.Bc1f4 b4
14.Nc3a4 Nb8d7
15.g4 Be6xg4
16.Nf3h2 Be7xh4
17.Qd1xg4 Qd8e7
18.Ra1e1 f5
19.Qg4d1 g5
20.Bf4c1 Qe7e6
21.Nh2f3 Rf8f7
22.Na4c5 Nd7xc5
23.Bb3xd5 cxd5
24.Nf3d4 Qe6g6
25.e6 Rf7e7
26.Re1e5 Nc5e4
27.Nd4c6 Re7xe6
28.Qd1xd5 Ra8e8
29.Re5xf5 Kg7
30.Nc6e5 Qg6xf5
31.Qd5b7 Re8e7
32.Qb7b8 Re6xe5
33.Rf1d1 Qf5xf2
34.Kh1 Ne4g3
{ resign }
0-1

[Event "Match"]
[Site "www.echecsemail.com"]
[Date "2018.02.17"]
[Round "1"]
[White "Calponas"]
[Black "Axphis"]
[WhiteElo "2140"]
[BlackElo "1809"]
[Result "0-1"]
[Round "1"]
1.e4 e5
2.Ng1f3 Nb8c6
3.Bf1b5 Ng8f6
4.O-O Nf6xe4
5.d4 Ne4d6
6.Bb5xc6 dxc6
7.dxe5 Nd6f5
8.Qd1xd8 Kxd8
9.Bc1g5 Ke8
10.Nb1c3 h6
11.Bg5f4 g5
12.Bf4g3 Bc8e6
13.Ra1d1 Bf8b4
14.Nc3e4 Be6c4
15.c3 Bc4xf1
16.Ne4f6 Kf8
17.Kxf1 Bb4e7
18.h4 Ra8d8
19.Rd1xd8 Be7xd8
20.hxg5 hxg5
21.Nf3xg5 Rh8h1
22.Ke2 Nf5xg3
23.fxg3 Rh1a1
{ resign }
0-1

[Event "Fast Game"]
[Site "www.echecsemail.com"]
[Date "2018.02.17"]
[Round "1"]
[White "Muderfuger"]
[Black "Pellix84"]
[WhiteElo "1599"]
[BlackElo "1610"]
[Result "0-1"]
[Round "1"]
1.Ng1h3 d5
2.Nb1c3 Ng8f6
3.e3 c5
4.Bf1b5 Nb8d7
5.O-O a6
6.Bb5a4 b5
7.Ba4b3 c4
8.Bb3xc4 dxc4
9.e4 e6
10.e5 Nd7xe5
11.f4 Bf8c5
12.d4 Bc5xd4
13.Nh3f2 Ne5g4
14.Qd1f3 Qd8b6
15.h3 Bd4xf2
16.Kh1 Bc8b7
17.Qf3d1 Ng4e3
18.Qd1e2 Bb7xg2
19.Kh2 Bg2xf1
20.Qe2xf2 Ne3g4
21.Kg3 Qb6xf2
{ resign }
0-1

[Event "Tourn. n9705"]
[Site "www.chess-mail.com"]
[Date "2018.02.18"]
[Round "1"]
[White "Danquigley"]
[Black "Gearoidmac"]
[WhiteElo "2560"]
[BlackElo "2470"]
[Result "1-0"]
[Round "1"]
1.c4 e5
2.g3 Ng8f6
3.Bf1g2 c6
4.d4 exd4
5.Qd1xd4 d5
6.cxd5 Nf6xd5
7.Ng1f3 Nd5b4
8.Qd4xd8 Kxd8
9.Nb1a3 Bf8e7
10.O-O Bc8e6
11.Nf3d4 Be6g4
12.Na3c4 Nb8d7
13.a3 Nb4d5
14.Nc4a5 Kc8
15.Na5xc6 { resign }
1-0

[Event "Tourn. n9469"]
[Site "www.chess-mail.com"]
[Date "2018.02.18"]
[Round "1"]
[White "Obisporey"]
[Black "Gvladutz"]
[WhiteElo "2600"]
[BlackElo "2379"]
[Result "1/2-1/2"]
[Round "1"]
1.Ng1f3 d5
2.g3 c6
3.Bf1g2 Bc8g4
4.O-O Nb8d7
5.h3 Bg4xf3
6.Bg2xf3 Ng8f6
7.d4 e5
8.c4 dxc4
9.Bf3g2 Bf8b4
10.Nb1d2 Bb4xd2
11.Qd1xd2 O-O
12.dxe5 Nd7xe5
13.Qd2xd8 Ra8xd8
14.Bc1e3 Rf8e8
15.Rf1d1 Rd8xd1
16.Ra1xd1 Ne5d7
17.Bg2f3 h6
18.Be3d4 Nd7e5
19.Bf3g2 Re8d8
20.Rd1d2 Ne5g6
21.f4 Ng6e7
22.e4 b5
23.Kf2 c5
24.Bd4e3 Rd8xd2
25.Be3xd2 Nf6d7
26.e5 b4
27.Bg2e4 h5
28.Bd2e3 g6
29.g4 hxg4
30.hxg4 Kg7
31.Ke2 a5
32.Be3d2 g5
33.f5 Nd7xe5
34.Bd2xg5 Ne7g8
35.Bg5e3 Ng8f6
36.Be4c2 Nf6xg4
37.Be3xc5 Kf6
38.Bc5b6 Ne5c6
39.Kf3 Kg5
40.Bb6c5 Ng4f6
41.Bc5e3 Kh4
42.Be3f2 Kh5
43.Bf2c5 Kh6
44.Bc5e3 Kg7
45.Be3c5 Nf6d7
46.Bc5e3 Kf6
47.Ke4 Ke7
48.Be3g5 Kd6
49.Bg5f4 Kc5
50.Bf4g5 Nd7e5
51.Bg5e3 Kb5
52.a4 bxa3
53.bxa3 Ne5g4
54.Be3g5 a4
55.Kd5 Ng4f2
56.f6 Nf2d3
57.Bc2d1 Nc6b4
58.Kd6 Nd3c5
59.Bd1f3 c3
60.Bg5e3 Nb4d3
61.Bf3c6 Kc4
62.Bc6d5 Kb5
63.Bd5xf7 Nc5e4
64.Kd5 Ne4xf6
65.Kd4 Nd3c5
66.Kxc3 Nf6e4
67.Kd4 Ne4d6
68.Bf7g6 Kc6
69.Kc3 Nc5a6
70.Bg6h5 Nd6b5
71.Kb2 Na6c5
72.Bh5f3 Kd6
73.Bf3e2 Kc6
74.Be2f1 Nc5e6
75.Bf1g2 Kd6
76.Bg2f3 Ne6c5
77.Bf3e2 Kc6
78.Be2f1 Nc5e6
79.Bf1g2 Kd6
80.Bg2f3 Ne6c5
81.Bf3e2 { draw }
1/2-1/2

[Event "Tourn. n9710"]
[Site "www.chess-mail.com"]
[Date "2018.02.18"]
[Round "1"]
[White "Picifarkinca"]
[Black "Begory"]
[WhiteElo "1620"]
[BlackElo "1630"]
[Result "1-0"]
[Round "1"]
1.d4 d5
2.c4 Ng8f6
3.cxd5 Nf6xd5
4.e4 Nd5b6
5.Nb1c3 Nb8c6
6.d5 Nc6e5
7.f4 Ne5g6
8.Bf1b5 Bc8d7
9.Qd1e2 Ng6xf4
10.Bb5xd7 Qd8xd7
11.Bc1xf4 O-O-O
12.O-O-O e6
13.Ng1f3 Bf8b4
14.Nc3b5 exd5
15.Nb5xc7 Qd7xc7
16.Bf4xc7 Kxc7
17.Kb1 Rh8e8
18.Qe2c2 Kb8
19.Qc2b3 Bb4e7
20.exd5 Nb6xd5
21.Rd1xd5 Rd8c8
22.Rd5d7 b6
23.Qb3xf7 Re8d8
24.Rd7xe7 { resign }
1-0

[Event "Tourn. n9672"]
[Site "www.chess-mail.com"]
[Date "2018.02.18"]
[Round "1"]
[White "Apdash"]
[Black "Panham"]
[WhiteElo "2290"]
[BlackElo "2210"]
[Result "1-0"]
[Round "1"]
1.e4 e5
2.Ng1f3 Nb8c6
3.Bf1c4 Ng8f6
4.Nf3g5 d5
5.exd5 Nc6a5
6.Bc4b5 c6
7.dxc6 bxc6
8.Bb5a4 h6
9.Ng5f3 e4
10.Nf3e5 Bc8b7
11.d4 Bf8d6
12.O-O O-O
13.Qd1e1 Qd8e7
14.Qe1xa5 Bd6b4
15.Ne5xc6 Bb7xc6
16.Qa5e5 Bc6xa4
17.b3 Ba4c6
18.Qe5xe7 Bb4xe7
19.c4 Rf8d8
20.Bc1b2 Be7b4
21.a3 Bb4a5
22.d5 Nf6xd5
23.cxd5 Rd8xd5
24.b4 Ba5b6
25.a4 e3
26.b5 e2
27.Rf1e1 Bc6b7
28.Nb1c3 Rd5g5
29.g3 h5
30.Re1xe2 Ra8d8
31.a5 Bb6d4
32.Kf1 h4
33.Re2d2 hxg3
34.hxg3 Bb7f3
35.Nc3e2 Bf3xe2
36.Kxe2 Rd8e8
37.Kf1 Bd4c5
38.Rd2d7 Rg5h5
39.Ra1c1 Rh5h1
40.Kg2 Rh1xc1
41.Bb2xc1 Re8e2
42.Rd7d2 Re2e1
43.Rd2c2 Bc5b4
44.b6 axb6
45.axb6 Re1e8
46.Bc1f4 { resign }
1-0

[Event "Tourn. n9681"]
[Site "www.chess-mail.com"]
[Date "2018.02.18"]
[Round "1"]
[White "Julian"]
[Black "Osopanda"]
[WhiteElo "1720"]
[BlackElo "1750"]
[Result "0-1"]
[Round "1"]
1.e4 c5
2.Ng1f3 Nb8c6
3.c3 d5
4.exd5 Qd8xd5
5.d4 cxd4
6.cxd4 Bc8g4
7.Nb1c3 Qd5a5
8.Bc1d2 O-O-O
9.Bf1e2 Bg4xf3
10.Be2xf3 Nc6xd4
11.Bf3g4 e6
12.O-O Bf8b4
13.Ra1c1 Kb8
14.Bd2f4 e5
15.Bf4g3 f6
16.Nc3e4 Ng8e7
17.a3 Ne7c6
18.axb4 Qa5xb4
19.Ne4c5 h5
20.Bg4h3 g5
21.Bh3e6 Nd4xe6
22.Qd1xd8 Ne6xd8
23.Nc5d7 Kc7
24.Nd7xf6 h4
25.Bg3xe5 Kc8
26.Rf1d1 Qb4e7
27.Be5c3 Rh8h6
28.Nf6d5 Qe7f7
29.Rc1c2 Kb8
30.Rc2e2 Rh6d6
31.Nd5e3 Rd6xd1
32.Ne3f1 Nd8e6
33.g3 hxg3
34.hxg3 Nc6d4
35.Bc3xd4 Ne6xd4
{ resign }
0-1

[Event "Tourn. n9609"]
[Site "www.chess-mail.com"]
[Date "2018.02.18"]
[Round "1"]
[White "Darko10"]
[Black "Pdebonis"]
[WhiteElo "2790"]
[BlackElo "2700"]
[Result "1-0"]
[Round "1"]
1.d4 Ng8f6
2.c4 c5
3.d5 e6
4.Nb1c3 exd5
5.cxd5 d6
6.Ng1f3 g6
7.Bc1f4 Bf8g7
8.Qd1a4 Bc8d7
9.Qa4b3 Qd8c7
10.e4 O-O
11.Nf3d2 Nf6h5
12.Bf4e3 f5
13.exf5 Bd7xf5
14.Bf1e2 Nh5f6
15.Nd2c4 Nf6e4
16.O-O Ne4xc3
17.bxc3 Nb8d7
18.Be3f4 Rf8f6
19.Bf4g3 Bg7h6
20.a4 Nd7b6
21.Nc4xb6 axb6
22.Be2b5 Rf6f7
23.Qb3c4 Rf7e7
24.Ra1e1 Bh6g7
25.Bg3h4 Re7e5
26.g4 Bf5d7
27.Bh4g3 Re5xe1
28.Rf1xe1 Bd7xb5
29.axb5 Qc7f7
30.Kg2 Ra8f8
31.f4 Qf7f6
32.Re1e3 Rf8a8
33.Qc4e4 Ra8f8
34.Qe4e6 Qf6xe6
35.dxe6 d5
36.Kf3 d4
37.cxd4 Bg7xd4
38.Re3e2 Rf8a8
39.f5 Bd4f6
40.Re2d2 c4
41.Rd2d7 c3
42.Bg3f4 c2
43.Rd7c7 Ra8a3
44.Ke2 gxf5
45.Rc7c8 { resign }
1-0

[Event "Tourn. n9688"]
[Site "www.chess-mail.com"]
[Date "2018.02.18"]
[Round "1"]
[White "Jazzy"]
[Black "Piriot"]
[WhiteElo "2260"]
[BlackElo "2500"]
[Result "1-0"]
[Round "1"]
1.d4 d6
2.Ng1f3 Bc8g4
3.e3 e6
4.Bf1e2 Ng8f6
5.O-O Bf8e7
6.c4 Nb8d7
7.b3 O-O
8.Bc1b2 c6
9.Nb1d2 d5
10.Nf3e1 Bg4xe2
11.Qd1xe2 a5
12.Ne1d3 a4
13.c5 Qd8c7
14.b4 a3
15.Bb2c3 Nf6e4
16.Nd2xe4 dxe4
17.Nd3c1 Nd7f6
18.Nc1b3 Nf6d5
19.Bc3e1 f5
20.g3 Be7f6
21.Ra1c1 e5
22.Rc1b1 exd4
{ time. }
1-0

[Event "Tourn. n9651"]
[Site "www.chess-mail.com"]
[Date "2018.02.18"]
[Round "1"]
[White "Picifarkinca"]
[Black "Pariolinius"]
[WhiteElo "1650"]
[BlackElo "1670"]
[Result "1-0"]
[Round "1"]
1.d4 d5
2.c4 Nb8c6
3.e3 Ng8f6
4.Nb1c3 Bc8f5
5.Bf1d3 Bf5xd3
6.Qd1xd3 e6
7.a3 Bf8e7
8.Ng1f3 h6
9.O-O Qd8d7
10.cxd5 Nf6xd5
11.e4 Nd5f6
12.e5 Nf6d5
13.Nc3e4 O-O
14.Rf1d1 a6
15.Bc1d2 b5
16.Ra1c1 Nd5b6
17.Ne4c5 Be7xc5
18.Rc1xc5 Nb6a4
19.Rc5c2 Ra8d8
20.Bd2e3 Na4b6
21.b3 Nb6d5
22.Rd1c1 Nc6a5
23.Nf3d2 Nd5xe3
24.fxe3 c6
25.Nd2e4 Rd8c8
26.Ne4d6 Rc8c7
27.b4 Na5c4
28.Nd6xc4 bxc4
29.Rc2xc4 Rf8c8
30.Rc4c5 Rc8a8
31.Qd3c4 Qd7c8
32.Rc5xc6 Rc7xc6
33.Qc4xc6 Qc8xc6
34.Rc1xc6 a5
35.b5 Kf8
36.Rc6a6 Ra8c8
37.Ra6xa5 Ke7
38.Ra5a7 Kf8
39.b6 Rc8b8
40.b7 Ke7
41.a4 Kd7
42.a5 Kc7
43.a6 Kb6
44.Ra7a8 Kc7
45.Ra8xb8 Kxb8
46.e4 Ka7
47.d5 { resign }
1-0

[Event "Tourn. n9692"]
[Site "www.chess-mail.com"]
[Date "2018.02.18"]
[Round "1"]
[White "Greghghs"]
[Black "Szustan"]
[WhiteElo "2620"]
[BlackElo "2560"]
[Result "0-1"]
[Round "1"]
1.d4 d5
2.c4 dxc4
3.e4 e5
4.Ng1f3 Ng8f6
5.Bf1xc4 Nf6xe4
6.Nf3xe5 Ne4d6
7.Bc4b3 Bf8e7
8.O-O O-O
9.Nb1c3 Nb8c6
10.Ne5xc6 bxc6
11.Qd1f3 Nd6f5
12.Bc1e3 Ra8b8
13.Ra1d1 Be7d6
14.Nc3e4 Nf5xe3
15.fxe3 Qd8e7
16.Rd1c1 Bc8e6
17.Bb3xe6 fxe6
18.Qf3g4 e5
19.Rf1xf8 Rb8xf8
20.Rc1xc6 exd4
21.exd4 h5
22.Qg4g6 Rf8f4
{ resign }
0-1

[Event "Tourn. n9699"]
[Site "www.chess-mail.com"]
[Date "2018.02.18"]
[Round "1"]
[White "Cal"]
[Black "Iko"]
[WhiteElo "1570"]
[BlackElo "1670"]
[Result "1-0"]
[Round "1"]
1.c4 e5
2.e4 c5
3.d3 Bf8d6
4.Nb1c3 Ng8f6
5.Bf1e2 O-O
6.h3 b6
7.a3 Nb8c6
8.Ng1f3 Nf6h5
9.O-O Nc6d4
10.Bc1g5 Nd4xf3
11.Be2xf3 Qd8xg5
12.Bf3xh5 g6
13.Bh5g4 h5
14.Nc3d5 hxg4
15.f4 exf4
16.hxg4 Qg5h4
17.Rf1f3 Qh4xg4
18.Nd5f6 Kg7
19.Nf6xg4 Rf8h8
20.e5 Bd6e7
21.Rf3xf4 Rh8h7
22.Qd1f3 Ra8b8
23.Qf3d5 Bc8b7
24.Qd5xf7 Kh8
25.Qf7xg6 Rb8g8
26.Qg6f5 Rg8g5
27.Qf5xd7 Rg5h5
28.Qd7e8 Kg7
29.Qe8xe7 Kg6
30.Qe7f6 
1-0

[Event "Tourn. n9643"]
[Site "www.chess-mail.com"]
[Date "2018.02.18"]
[Round "1"]
[White "Gvladutz"]
[Black "Vios"]
[WhiteElo "2500"]
[BlackElo "2290"]
[Result "1-0"]
[Round "1"]
1.e4 c6
2.d4 d5
3.Nb1d2 dxe4
4.Nd2xe4 Bc8f5
5.Ne4g3 Bf5g6
6.h4 h6
7.Ng1f3 Ng8f6
8.h5 Bg6h7
9.Bf1d3 Bh7xd3
10.Qd1xd3 e6
11.Bc1d2 Nb8d7
12.O-O-O a5
13.Bd2f4 Nf6d5
14.Bf4e5 b5
15.Kb1 a4
16.Ng3e4 a3
17.b3 Nd7f6
18.Nf3d2 Bf8e7
19.Qd3g3 O-O
20.c4 Nd5b4
21.Rh1h3 Nf6e8
22.Qg3e3 f6
23.Be5h2 Qd8d7
24.Qe3e2 Ra8d8
25.Ne4c3 Be7d6
26.Nd2e4 bxc4
27.Bh2xd6 Ne8xd6
28.Ne4xd6 Qd7xd6
29.Nc3e4  { time }
1-0

[Event "Tourn. n9720"]
[Site "www.chess-mail.com"]
[Date "2018.02.18"]
[Round "1"]
[White "Cal"]
[Black "Begory"]
[WhiteElo "1530"]
[BlackElo "1600"]
[Result "0-1"]
[Round "1"]
1.c4 d5
2.cxd5 Qd8xd5
3.Ng1f3 Bc8g4
4.h3 Bg4xf3
5.exf3 Nb8c6
6.Nb1c3 Qd5d8
7.Bf1b5 Qd8d6
8.Bb5xc6 Qd6xc6
9.O-O O-O-O
10.d4 e6
11.Bc1f4 Bf8d6
12.a3 Bd6xf4
13.Rf1e1 Ng8f6
14.g3 Bf4d6
15.Qd1d3 Bd6c5
16.Nc3e4 Bc5xd4
17.Qd3b3 Nf6xe4
18.fxe4 Qc6c5
19.Re1e2 Qc5g5
20.Kg2 Rd8d6
21.f4 Qg5c5
22.Re2c2 Qc5b6
23.a4 Qb6xb3
24.Ra1c1 c6
25.h4 e5
26.fxe5 Bd4xe5
27.a5 Qb3xg3
28.Kf1 Qg3f3
29.Rc2f2 Qf3xe4
30.Rc1e1 Qe4c4
31.Kg2 Rd6g6
32.Kh1 Qc4xh4
{ resign }
0-1